[Event "NED-ch op 5'"]
[Site "?"]
[Date "2002.02.15"]
[Round "?"]
[White "Speelman Jonathan S"]
[Black "Piket Jeroen"]
[Result "1/2-1/2"]
[WhiteElo "2595"]
[BlackElo "2655"]
[PlyCount "87"]
[EventDate "2002.??.??"]
[Source "www.chesslib.no"]
[SourceDate "2004.05.04"]

1. d4 Nf6 2. Nf3 g6 3. c3 Bg7 4. Bg5 b6 5. Nbd2 O-O 6. e4 d6 7. Bd3 Ba6 8. Bxa6 Nxa6 9. Qe2 Qc8 10. O-O Re8 11. Rfe1 c5 12. Bxf6 Bxf6 13. e5 dxe5 14. dxe5 Bg7 15. h4 Nc7 16. h5 Ne6 17. Ne4 Qc6 18. Neg5 Rad8 19. hxg6 hxg6 20. Qc4 Bh6 21. Nxe6 Qxe6 22. Qxe6 fxe6 23. Rad1 Kf7 24. Kf1 b5 25. Ke2 Rd5 26. g3 Red8 27. Rh1 Kg7 28. b3 a5 29. c4 bxc4 30. bxc4 Rxd1 31. Rxd1 Rb8 32. Rd7 Kf7 33. Rc7 Rb2+ 34. Kf1 Rxa2 35. Rxc5 a4 36. Ra5 a3 37. c5 Bc1 38. Nd4 Bb2 39. Nb5 Ra1+ 40. Kg2 Bxe5 41. Nxa3 Rc1 42. c6 Bd6 43. Nb5 Rxc6 44. Nd4 1/2-1/2

[Event "Capablanca mem Elite"]
[Site "Havana"]
[Date "1999.05.12"]
[Round "5"]
[White "Hoffman, Alejandro"]
[Black "Atalik, Suat"]
[Result "1/2-1/2"]
[WhiteElo "2547"]
[BlackElo "2593"]
[PlyCount "96"]
[EventDate "1999.05.??"]
[Source "ChessBase"]
[SourceDate "1999.08.01"]

1. d4 Nf6 2. Nf3 g6 3. c3 Bg7 4. Bf4 O-O 5. e3 d6 6. h3 c5 7. dxc5 dxc5 8. Qxd8 Rxd8 9. Bc7 Rf8 10. Nbd2 Be6 11. a4 Nc6 12. Bd3 Rac8 13. Bh2 Rfd8 14. Ke2 Na5 15. Rhd1 h6 16. Ne5 Ne8 17. Bc2 Nd6 18. e4 g5 19. Nd3 Ndc4 20. Nxc4 Bxc4 21. f3 e5 22. Ke1 Bxd3 23. Bxd3 c4 24. Bf1 f6 25. g3 Bf8 26. Bg1 b6 27. h4 Kf7 28. Bh3 Rb8 29. Bd7 Bc5 30. Bxc5 bxc5 31. Bb5 gxh4 32. gxh4 Kg6 33. Rxd8 Rxd8 34. Ke2 Rb8 35. Rg1+ Kf7 36. h5 Rb6 37. Rg6 a6 38. Bd7 Rxb2+ 39. Ke1 Rc2 40. Rxh6 Rxc3 41. Rh7+ Kg8 42. Bf5 Rc1+ 43. Kf2 c3 44. Rc7 c2 45. h6 Rf1+ 46. Kg2 Rg1+ 47. Kf2 Rf1+ 48. Kg2 Rg1+ 1/2-1/2

[Event "Krasnodar (Russia)"]
[Site "?"]
[Date "2002.??.??"]
[Round "5"]
[White "Malaniuk Vladimir P"]
[Black "Tseshkovsky Vitaly"]
[Result "1/2-1/2"]
[WhiteElo "2550"]
[BlackElo "2578"]
[PlyCount "29"]
[EventDate "2002.??.??"]
[Source "www.chesslib.no"]
[SourceDate "2004.05.04"]

1. d4 Nf6 2. Nf3 g6 3. c3 Bg7 4. Bg5 d5 5. Nbd2 c6 6. e3 Qb6 7. b4 a5 8. a3 Bg4 9. Be2 Nbd7 10. h3 Bxf3 11. Bxf3 e5 12. O-O O-O 13. Qc2 Rfe8 14. Bh4 Qa7 15. Rab1 1/2-1/2

[Event "17th Open, Geneva SUI"]
[Site "?"]
[Date "2001.??.??"]
[Round "7"]
[White "Dvoirys, S."]
[Black "Korotylev, A."]
[Result "1/2-1/2"]
[WhiteElo "2565"]
[BlackElo "2550"]
[PlyCount "75"]
[EventDate "2001.??.??"]
[Source "www.chesslib.no"]
[SourceDate "2004.05.04"]

1. e4 d6 2. d4 g6 3. c3 Bg7 4. Bg5 Nf6 5. Nd2 O-O 6. Ngf3 c5 7. d5 h6 8. Bh4 e6 9. dxe6 Bxe6 10. Be2 Nc6 11. O-O Qb6 12. Qc2 d5 13. exd5 Nxd5 14. Bg3 Bf5 15. Qc1 Rfe8 16. Re1 Na5 17. Nh4 Be6 18. Bf1 Rad8 19. Qc2 Ne7 20. Be5 Nf5 21. Bxg7 Kxg7 22. Nhf3 Nc6 23. a4 Nd6 24. b3 a6 25. Qb2 Kg8 26. Ne5 Nxe5 27. Rxe5 Qc7 28. b4 cxb4 29. cxb4 Bf5 30. Rc1 Qd7 31. a5 Ne4 32. Nf3 Rxe5 33. Qxe5 Qd6 34. Qxd6 Rxd6 35. g3 b6 36. Ne5 bxa5 37. bxa5 Nd2 38. Be2 1/2-1/2

[Event "Moscow ol (Men)"]
[Site "Moscow"]
[Date "1994.??.??"]
[Round "6"]
[White "Malaniuk, Vladimir P"]
[Black "Damljanovic, Branko"]
[Result "1/2-1/2"]
[WhiteElo "2610"]
[BlackElo "2505"]
[PlyCount "71"]
[EventDate "1994.11.??"]
[Source "ChessBase"]

1. d4 Nf6 2. Nf3 g6 3. c3 Bg7 4. Bg5 d6 5. Nbd2 Nbd7 6. e4 e5 7. dxe5 dxe5 8. Bc4 O-O 9. O-O h6 10. Bh4 Qe8 11. Re1 Nb6 12. Bf1 a5 13. Qc2 Qe7 14. b3 Bg4 15. a3 g5 16. Bg3 Nh5 17. Re3 Nxg3 18. hxg3 h5 19. Ree1 Bf6 20. Nc4 Nxc4 21. Bxc4 Rad8 22. Nh2 Bc8 23. Nf1 g4 24. Ne3 Bg5 25. b4 axb4 26. axb4 c6 27. Qe2 Qd6 28. Rad1 Qg6 29. Bd3 Bxe3 30. Qxe3 Kg7 31. Bc2 Rde8 32. Qc5 Rh8 33. Rd6 Qg5 34. Qe3 Qxe3 35. Rxe3 Rd8 36. Rxd8 1/2-1/2

[Event "Mind Sports Games - Rapid Team KO"]
[Site "Pechino CINA"]
[Date "2008.10.17"]
[Round "1.2"]
[White "Bagheri, A."]
[Black "Li Chao2"]
[Result "0-1"]
[WhiteElo "2490"]
[BlackElo "2622"]
[PlyCount "72"]
[EventDate "2008.10.14"]
[Source "www.chesslib.no"]
[SourceDate "2004.05.04"]

1. d4 g6 2. Nf3 Bg7 3. Bg5 Nf6 4. c3 O-O 5. Nbd2 d6 6. e4 c5 7. dxc5 dxc5 8. Bc4 Nc6 9. O-O h6 10. Be3 b6 11. h3 Qc7 12. Qc2 Bb7 13. Rfe1 Nh5 14. e5 Nxe5 15. Nxe5 Qxe5 16. Qxg6 b5 17. Bxh6 bxc4 18. Rxe5 fxg6 19. Bxg7 Nxg7 20. Nxc4 Ba6 21. Ne3 Rad8 22. Rd1 Rxd1+ 23. Nxd1 Nf5 24. Rxc5 Rd8 25. Ne3 Nxe3 26. fxe3 Rd1+ 27. Kh2 Rd2 28. Rc6 Bb7 29. Rxg6+ Kh7 30. Rg5 Rxb2 31. a4 Rc2 32. h4 e6 33. Kh3 Rxc3 34. Re5 Bd5 35. g3 Kg6 36. g4 Kf6 0-1

[Event "Leningrad"]
[Site "Leningrad"]
[Date "1987.??.??"]
[Round "?"]
[White "Torre, Eugenio"]
[Black "Romanishin, Oleg M"]
[Result "0-1"]
[WhiteElo "2540"]
[BlackElo "2570"]
[PlyCount "108"]
[EventDate "1987.05.??"]
[Source "ChessBase"]

1. d4 Nf6 2. Nf3 g6 3. c3 Bg7 4. Bg5 O-O 5. Nbd2 Qe8 6. e4 d6 7. Bd3 Nc6 8. O-O e5 9. Re1 h6 10. Bh4 Nh5 11. dxe5 Nxe5 12. Nxe5 dxe5 13. f3 Bf6 14. Bf2 Qe7 15. Nc4 Be6 16. Bf1 Nf4 17. Ne3 c6 18. a4 Rfd8 19. Qc2 Rd7 20. Red1 Rad8 21. a5 a6 22. Nc4 Bxc4 23. Bxc4 Bg5 24. Kf1 Nxg2 25. Rxd7 Rxd7 26. Rd1 Rxd1+ 27. Qxd1 Ne3+ 28. Bxe3 Bxe3 29. Ke2 Bf4 30. Qg1 Kg7 31. Kd3 Qd8+ 32. Kc2 Qxa5 33. Qa7 Qa4+ 34. Bb3 Qb5 35. Qb8 Qe2+ 36. Kb1 Qd3+ 37. Ka2 Qd7 38. h3 h5 39. Qa7 h4 40. Bc4 Bh2 41. Bf1 Qd1 42. Qf2 Bf4 43. Qe2 Qc1 44. Qd3 b5 45. Be2 Qh1 46. Bf1 c5 47. Qe2 Qg1 48. Qd1 Qe3 49. Kb1 c4 50. Ka2 a5 51. Qe2 Qc1 52. Qg2 a4 53. Be2 Qc2 54. Bf1 Qb3+ 0-1

[Event "PCA/Intel-GP"]
[Site "London"]
[Date "1994.??.??"]
[Round "1"]
[White "Vyzmanavin, Alexey"]
[Black "Mainka, Romuald"]
[Result "0-1"]
[WhiteElo "2610"]
[BlackElo "2500"]
[PlyCount "116"]
[EventDate "1994.08.??"]
[Source "ChessBase"]

1. d4 d6 2. Nf3 g6 3. Bg5 Bg7 4. c3 Nf6 5. Nbd2 O-O 6. e4 Nc6 7. Bb5 h6 8. Bh4 a6 9. Bxc6 bxc6 10. O-O g5 11. Bg3 Nh5 12. Re1 f5 13. exf5 Nxg3 14. hxg3 Bxf5 15. Re3 Qd7 16. Qe2 e6 17. Re1 a5 18. Nc4 a4 19. Nh2 Rae8 20. g4 Bg6 21. Nf1 Rf4 22. Ng3 Qf7 23. Nh5 Bxh5 24. gxh5 Rf8 25. Rf3 Rxf3 26. Qxf3 Qxf3 27. gxf3 Rxf3 28. Rxe6 Kf7 29. Re3 Rf5 30. f3 c5 31. dxc5 Rxc5 32. Na3 Be5 33. Re4 Rd5 34. Nc4 Bf4 35. Kf2 Rd1 36. Na3 Rh1 37. Rxa4 Rh2+ 38. Kf1 Rxb2 39. Ra7 d5 40. Ke1 Rxa2 41. Nb5 Rxa7 42. Nxa7 Ke6 43. Ke2 Kf5 44. Nc6 Bd6 45. Nd4+ Kf4 46. Ne6+ Ke5 47. Nd8 Kf4 48. Ne6+ Kg3 49. Ng7 Kh4 50. Nf5+ Kxh5 51. Ne3 c6 52. Nf5 Be5 53. Ne7 Bxc3 54. Nxc6 Bf6 55. Nb4 d4 56. Nd3 Kg6 57. Nf2 Kf5 58. Ne4 Be5 0-1

[Event "Moscow ol (Men)"]
[Site "Moscow"]
[Date "1994.??.??"]
[Round "3"]
[White "Malaniuk, Vladimir P"]
[Black "Johansen, Darryl K"]
[Result "1/2-1/2"]
[WhiteElo "2610"]
[BlackElo "2495"]
[PlyCount "57"]
[EventDate "1994.11.??"]
[Source "ChessBase"]

1. d4 Nf6 2. Nf3 g6 3. c3 Bg7 4. Bg5 O-O 5. Nbd2 d6 6. e4 h6 7. Bh4 Nc6 8. Bb5 Bd7 9. O-O Qe8 10. a4 a6 11. Bd3 e5 12. dxe5 Nxe5 13. Nxe5 dxe5 14. Re1 Rd8 15. Bc2 Be6 16. Qe2 Rd7 17. Nb3 Qe7 18. Red1 Rfd8 19. f3 a5 20. Bf2 b6 21. Nd2 Nh5 22. g3 Qg5 23. Be3 Nf4 24. Qe1 Nh3+ 25. Kg2 Qf6 26. Qe2 Bf8 27. Bb3 Ng5 28. h4 Bxb3 29. Nxb3 1/2-1/2

[Event "Solin 6th"]
[Site "?"]
[Date "1998.??.??"]
[Round "3"]
[White "Kovacevic Vlatko"]
[Black "Kozul Zdenko"]
[Result "1/2-1/2"]
[WhiteElo "2520"]
[BlackElo "2585"]
[PlyCount "95"]
[EventDate "1998.??.??"]
[Source "www.chesslib.no"]
[SourceDate "2004.05.04"]

1. d4 Nf6 2. Nf3 g6 3. e3 Bg7 4. Be2 O-O 5. O-O d6 6. c4 c5 7. Nc3 Na6 8. b3 b6 9. Bb2 Re8 10. Qd2 Bb7 11. Rad1 Nc7 12. Qc1 Qc8 13. Qa1 Bh6 14. h3 Rb8 15. a4 a6 16. Rd2 cxd4 17. Nxd4 Ne4 18. Nxe4 Bxe4 19. Rfd1 Qb7 20. Bf1 a5 21. Nb5 Na6 22. Qc1 Bg7 23. Bxg7 Kxg7 24. Qb2+ Kg8 25. f3 Bc6 26. Nc3 Rbc8 27. e4 Nc5 28. Bd3 Qc7 29. Bc2 Rcd8 30. Qc1 e6 31. Re2 e5 32. Qe3 Ne6 33. Red2 Rd7 34. Ne2 Qd8 35. Kh2 Nc5 36. Qc3 h5 37. Qe3 h4 38. Rb1 Qe7 39. Nc3 Ra8 40. Rdd1 Qd8 41. b4 axb4 42. Rxb4 Ra6 43. Rdb1 Rb7 44. R1b2 Ne6 45. Bd3 Nc5 46. Bc2 Ra5 47. Qd2 Ne6 48. Ne2 1/2-1/2

[Event "Buenos Aires ARG"]
[Site "Buenos Aires ARG"]
[Date "1980.??.??"]
[Round "?"]
[White "Larsen, Bent"]
[Black "Quinteros, Miguel A"]
[Result "1/2-1/2"]
[WhiteElo "2585"]
[BlackElo "2515"]
[PlyCount "43"]
[EventDate "1980.??.??"]
[Source "www.chesslib.no"]
[SourceDate "2004.05.04"]

1. d4 Nf6 2. Nf3 c5 3. e3 g6 4. Be2 b6 5. O-O Bg7 6. a4 O-O 7. a5 Ba6 8. e4 Bd3 9. Nc3 Bxe4 10. Bc4 b5 11. Bg5 Qe8 12. Nb1 Bxc2 13. dxc5 Qc8 14. b3 Be4 15. Bxb5 Ng4 16. Qd4 Ne5 17. a6 Qc6 18. Nc3 Qb7 19. Rac1 Bxf3 20. Ra1 Bf6 21. Qc4 Re8 22. Ra4 1/2-1/2

[Event "It"]
[Site "Pune"]
[Date "2004.09.11"]
[Round "8"]
[White "Kunte, Abhijit"]
[Black "Sandipan, Chanda"]
[Result "1-0"]
[WhiteElo "2532"]
[BlackElo "2555"]
[PlyCount "85"]
[EventDate "2004.08.03"]
[Source "Roberto Alvarez"]
[SourceDate "2004.09.15"]

1. d4 Nf6 2. Nf3 g6 3. Nbd2 c5 4. dxc5 Qa5 5. a3 Qxc5 6. b4 Qc7 7. Bb2 Bg7 8. e3 O-O 9. c4 d6 10. Be2 Nc6 11. O-O Bf5 12. Rc1 Rad8 13. Qb3 Qb8 14. Bc3 e5 15. Rfd1 Rfe8 16. Nf1 h6 17. Ng3 Be6 18. Qb1 Nh7 19. Qa1 f6 20. Bb2 Ne7 21. Ne4 f5 22. Nc3 g5 23. c5 g4 24. Nd2 d5 25. Nb5 Rf8 26. Nd6 Ng6 27. f4 d4 28. Bc4 Bxc4 29. N2xc4 exf4 30. Bxd4 Rd7 31. Qa2 Kh8 32. exf4 Nxf4 33. Bxg7+ Rxg7 34. Rf1 Ng6 35. Nxf5 Rxf5 36. Rxf5 Nh4 37. Rff1 Nf3+ 38. gxf3 gxf3+ 39. Kh1 Qf4 40. Qd2 Qh4 41. Rxf3 Ng5 42. Rf8+ Kh7 43. Qd3+ 1-0

[Event "XII It"]
[Site "Solin-Split"]
[Date "2004.12.06"]
[Round "4"]
[White "Kurajica, Bojan"]
[Black "Romanishin, Oleg M"]
[Result "1/2-1/2"]
[WhiteElo "2541"]
[BlackElo "2543"]
[PlyCount "51"]
[EventDate "2004.12.03"]
[Source "Roberto Alvarez"]
[SourceDate "2004.12.13"]

1. d4 Nf6 2. Nf3 g6 3. c4 d6 4. g3 Bf5 5. Bg2 Bg7 6. Qb3 Qc8 7. Nc3 Nc6 8. d5 Nd8 9. O-O O-O 10. Ne1 c6 11. Nd3 Bh3 12. Bxh3 Qxh3 13. f3 Qc8 14. e4 b6 15. Bg5 h6 16. Be3 Nb7 17. Rac1 Na5 18. Qa4 e6 19. dxc6 Nxc6 20. Qd1 Rd8 21. Qe2 Qb7 22. Rfd1 Rac8 23. Bf2 Ne8 24. Nf4 Ne5 25. b3 a6 26. Kg2 1/2-1/2

[Event "New York op"]
[Site "New York"]
[Date "2000.05.06"]
[Round "3"]
[White "Ritter, Mark"]
[Black "Epishin, Vladimir"]
[Result "0-1"]
[WhiteElo "2415"]
[BlackElo "2667"]
[PlyCount "82"]
[EventDate "2000.05.05"]
[Source "ChessBase"]
[SourceDate "2000.07.11"]

1. d4 Nf6 2. Nf3 g6 3. Nbd2 d5 4. c4 dxc4 5. Nxc4 Bg7 6. Bf4 O-O 7. e3 Nbd7 8. Be2 c5 9. dxc5 Nxc5 10. O-O Be6 11. Rc1 Rc8 12. h3 Nfd7 13. Qd2 Nb6 14. b3 Nxc4 15. Qxd8 Rfxd8 16. Bxc4 Bxc4 17. Rxc4 b5 18. Rc2 Nd3 19. Rxc8 Rxc8 20. Rd1 Rc1 21. Rxc1 Nxc1 22. Be5 Nxa2 23. Bxg7 Kxg7 24. Nd4 a6 25. Kf1 Nb4 26. f4 Kf8 27. Ke2 Ke8 28. e4 Kd7 29. Kd2 Kd6 30. Nf3 f6 31. g4 Nc6 32. Kc3 a5 33. h4 e5 34. f5 gxf5 35. gxf5 Nd4 36. Nd2 Kc5 37. Nf1 b4+ 38. Kb2 Nb5 39. Ne3 Nd6 40. Ng4 Nxe4 41. h5 Kd6 0-1

[Event "Noyabrsk Fakel Jamala"]
[Site "Noyabrsk"]
[Date "2003.11.23"]
[Round "6"]
[White "Itkis, Boris"]
[Black "Baklan, Vladimir"]
[Result "1/2-1/2"]
[WhiteElo "2476"]
[BlackElo "2600"]
[PlyCount "24"]
[EventDate "2003.11.18"]
[Source "ChessBase"]
[SourceDate "2004.03.30"]

1. d4 Nf6 2. Nf3 c5 3. e3 g6 4. dxc5 Qa5+ 5. Nbd2 Qxc5 6. a3 Bg7 7. b4 Qc7 8. Bb2 O-O 9. c4 d6 10. Be2 Nc6 11. O-O a5 12. Qb3 Be6 1/2-1/2

[Event "Nimes Open"]
[Site "Nimes"]
[Date "1991.??.??"]
[Round "2"]
[White "Epishin, Vladimir V"]
[Black "Nijboer, Friso"]
[Result "1/2-1/2"]
[WhiteElo "2620"]
[BlackElo "2455"]
[PlyCount "52"]
[EventDate "1991.04.??"]
[Source "www.chesslib.no"]
[SourceDate "2004.05.04"]

1. d4 Nf6 2. Nf3 g6 3. c3 Bg7 4. Bf4 d6 5. h3 O-O 6. e3 Nbd7 7. Be2 Qe8 8. O-O e5 9. Bh2 Qe7 10. c4 Ne4 11. Nbd2 Nxd2 12. Qxd2 Re8 13. Rfd1 a5 14. Rac1 b6 15. b3 Bb7 16. Qc2 f5 17. dxe5 dxe5 18. Rd2 Nc5 19. Rcd1 Bc6 20. Qc1 Ne4 21. Rc2 Rad8 22. Nd2 Nc5 23. Nf3 Rxd1+ 24. Qxd1 Ne4 25. Nd2 Nc5 26. Nb1 Rd8 1/2-1/2

[Event "Sukhumi"]
[Site "?"]
[Date "1972.08.25"]
[Round "8"]
[White "Kholmov Ratmir D"]
[Black "Gufeld Eduard"]
[Result "1/2-1/2"]
[WhiteElo "2550"]
[BlackElo "2525"]
[PlyCount "77"]
[EventDate "1972.??.??"]
[Source "www.chesslib.no"]
[SourceDate "2004.05.04"]

1. Nf3 g6 2. d4 Nf6 3. Nbd2 d5 4. b3 Bg7 5. Bb2 O-O 6. e3 c5 7. dxc5 Qa5 8. a3 Qxc5 9. b4 Qc7 10. c4 Be6 11. Rc1 Qd8 12. c5 a6 13. Be2 Nc6 14. O-O Qc7 15. Bc3 Rfd8 16. a4 Ne4 17. Bxg7 Kxg7 18. b5 axb5 19. axb5 Ne5 20. b6 Nxf3+ 21. Nxf3 Qb8 22. Nd4 Bd7 23. Bb5 e5 24. Bxd7 Rxd7 25. Nb5 Ra5 26. Qb3 d4 27. Qd3 Rd8 28. exd4 exd4 29. f3 Nf6 30. Nc7 Qc8 31. Rc4 Qd7 32. Re1 Ra2 33. Qb3 Rd2 34. Qb4 Ra2 35. Qb1 Rd2 36. Qc1 Ra2 37. Qb1 Rd2 38. Qc1 Ra2 39. Qb1 1/2-1/2

[Event "JUG Team Ch Cup"]
[Site "Becici"]
[Date "1994.??.??"]
[Round "?"]
[White "Piskov, Yury"]
[Black "Popovic, Petar"]
[Result "1/2-1/2"]
[WhiteElo "2550"]
[BlackElo "2525"]
[PlyCount "35"]
[EventDate "1994.??.??"]
[Source "www.chesslib.no"]
[SourceDate "2004.05.04"]

1. d4 Nf6 2. Nf3 g6 3. c3 Bg7 4. Bg5 O-O 5. Nbd2 d6 6. e4 c5 7. dxc5 dxc5 8. Be2 Nc6 9. O-O h6 10. Be3 b6 11. h3 Qc7 12. Nh2 Rd8 13. Qc2 e5 14. Rfd1 Kh7 15. Rac1 Qe7 16. Ng4 Nxg4 17. hxg4 Be6 18. Qa4 1/2-1/2

[Event "TCh-AUT 1st Bundesliga 2007-8"]
[Site "Baden AUT"]
[Date "2007.11.30"]
[Round "1"]
[White "Horvath, Jo1"]
[Black "Ftacnik, L."]
[Result "1/2-1/2"]
[WhiteElo "2519"]
[BlackElo "2553"]
[PlyCount "92"]
[EventDate "2007.11.30"]
[Source "www.chesslib.no"]
[SourceDate "2004.05.04"]

1. d4 Nf6 2. Nf3 g6 3. c3 Bg7 4. Bg5 b6 5. Nbd2 Bb7 6. e3 O-O 7. Bd3 c5 8. Bxf6 exf6 9. O-O f5 10. b4 cxb4 11. cxb4 f4 12. b5 fxe3 13. fxe3 d5 14. Qb3 Nd7 15. e4 Nf6 16. e5 Ne4 17. Rae1 Nxd2 18. Nxd2 Qe7 19. Nf3 Rac8 20. Rf2 Rc7 21. Rc2 Rxc2 22. Qxc2 Bh6 23. Qa4 Bc8 24. h3 Be6 25. Re2 Rc8 26. Rc2 Rxc2 27. Qxc2 Qa3 28. Kf1 Bf4 29. Kf2 Kg7 30. Ng1 Bc1 31. Ne2 Bg5 32. Qb3 Qe7 33. Bc2 Bd2 34. Qf3 Qg5 35. Qg3 Qe7 36. Qf3 Qh4+ 37. Qg3 Qxg3+ 38. Kxg3 g5 39. Kf3 h5 40. Ng3 g4+ 41. Ke2 gxh3 42. gxh3 Bc3 43. Kd3 h4 44. Nh5+ Kh6 45. Nf4 Bb2 46. Nxe6 fxe6 1/2-1/2

[Event "IX Open"]
[Site "Dubai EAU"]
[Date "2007.04.23"]
[Round "2"]
[White "Bakre, T."]
[Black "Ehlvest, J."]
[Result "1/2-1/2"]
[WhiteElo "2426"]
[BlackElo "2640"]
[PlyCount "93"]
[EventDate "2007.04.22"]
[Source "www.chesslib.no"]
[SourceDate "2004.05.04"]

1. d4 Nf6 2. Nf3 g6 3. Nbd2 Bg7 4. e4 O-O 5. e5 Nd5 6. Bc4 Nb6 7. Bb3 d6 8. Qe2 Nc6 9. O-O Bg4 10. Qe3 Na5 11. e6 Nxb3 12. exf7+ Rxf7 13. Qxb3 h6 14. Re1 g5 15. h3 Bd7 16. Ne4 Bc6 17. c3 Qd7 18. Ned2 Raf8 19. c4 g4 20. hxg4 Qxg4 21. d5 Bd7 22. Re4 Qg6 23. Qe3 Bf6 24. Nf1 c6 25. Ng3 cxd5 26. cxd5 Bg7 27. Qb3 h5 28. Nh4 Qf6 29. Be3 Bg4 30. Rxg4 hxg4 31. Nhf5 Qg6 32. Nxg7 Rxg7 33. a4 Rh7 34. a5 Nd7 35. Qxb7 Ne5 36. Qxa7 Qf6 37. Bd4 Qh6 38. Bxe5 dxe5 39. Qe3 Qh2+ 40. Kf1 Rhf7 41. a6 Rxf2+ 42. Qxf2 Qxg3 43. Qxf8+ Kxf8 44. a7 Qd3+ 45. Ke1 Qe3+ 46. Kf1 Qd3+ 47. Ke1 1/2-1/2

[Event "Munich"]
[Site "Munich"]
[Date "1990.??.??"]
[Round "?"]
[White "Bischoff, Klaus"]
[Black "Kindermann, Stefan"]
[Result "1/2-1/2"]
[WhiteElo "2505"]
[BlackElo "2560"]
[PlyCount "41"]
[EventDate "1990.04.??"]
[Source "ChessBase"]

1. d4 Nf6 2. Nf3 g6 3. c3 Bg7 4. Bf4 d6 5. h3 b6 6. e3 O-O 7. a4 a6 8. Bc4 Bb7 9. Nbd2 Nbd7 10. O-O Nd5 11. Bh2 Bh6 12. Qb3 e6 13. Rfe1 Kh8 14. Bf1 a5 15. e4 Nf4 16. Rad1 Qe7 17. Qc4 Rfc8 18. Qa2 Rf8 19. Qc4 Rfc8 20. Qa2 Rf8 21. Qc4 1/2-1/2

[Event "Solin 6th"]
[Site "?"]
[Date "1998.??.??"]
[Round "9"]
[White "Kovacevic Vlatko"]
[Black "Zelcic Robert"]
[Result "0-1"]
[WhiteElo "2520"]
[BlackElo "2540"]
[PlyCount "40"]
[EventDate "1998.??.??"]
[Source "www.chesslib.no"]
[SourceDate "2004.05.04"]

1. d4 Nf6 2. Nf3 g6 3. e3 Bg7 4. Be2 O-O 5. O-O d6 6. c4 Nbd7 7. Nc3 e5 8. Qc2 Re8 9. b4 a5 10. bxa5 Rxa5 11. a4 exd4 12. exd4 Nb6 13. Ba3 Bf5 14. Qd1 Ne4 15. Bb4 Nxc3 16. Bxc3 Rxa4 17. Rxa4 Nxa4 18. Ba5 b6 19. Bb4 c5 20. Re1 Qa8 0-1

[Event "CRO-ch"]
[Site "?"]
[Date "1992.??.??"]
[Round "?"]
[White "Kovacevic Vlatko"]
[Black "Cebalo Miso"]
[Result "1-0"]
[WhiteElo "2545"]
[BlackElo "2515"]
[PlyCount "93"]
[EventDate "1992.??.??"]
[Source "www.chesslib.no"]
[SourceDate "2004.05.04"]

1. d4 c5 2. e3 Nf6 3. Nf3 g6 4. dxc5 Qa5+ 5. Nbd2 Qxc5 6. a3 Bg7 7. b4 Qc7 8. Bb2 O-O 9. c4 b6 10. Be2 Bb7 11. O-O d6 12. Qb3 Nbd7 13. Rfc1 Rfc8 14. h3 a6 15. Bc3 Qd8 16. Nh2 e5 17. Bf3 Bxf3 18. Nhxf3 Qe7 19. Nh2 h5 20. Nhf1 h4 21. Rd1 Rc6 22. Rac1 Rac8 23. Bb2 e4 24. Qa4 a5 25. Qb5 axb4 26. axb4 Ne5 27. Bxe5 Qxe5 28. Qxe5 dxe5 29. Ra1 Ne8 30. b5 Re6 31. Nxe4 Rxc4 32. Nfd2 Rb4 33. Ra8 Kf8 34. Nf3 f6 35. Rd6 Re7 36. Nxf6 Rxb5 37. Nxh4 Bxf6 38. Rxf6+ Kg7 39. Rxg6+ Kf7 40. Rh6 Nf6 41. g4 e4 42. Nf5 Rd7 43. Rb8 Rb2 44. g5 Rd1+ 45. Kg2 Nd5 46. Rb7+ Kg8 47. g6 1-0

[Event "CRO-ch"]
[Site "?"]
[Date "1992.??.??"]
[Round "?"]
[White "Kovacevic Vlatko"]
[Black "Hulak Krunoslav"]
[Result "1/2-1/2"]
[WhiteElo "2545"]
[BlackElo "2515"]
[PlyCount "99"]
[EventDate "1992.??.??"]
[Source "www.chesslib.no"]
[SourceDate "2004.05.04"]

1. d4 c5 2. e3 Nf6 3. Nf3 g6 4. dxc5 Qa5+ 5. Nbd2 Bg7 6. a3 Qxc5 7. b4 Qc7 8. Bb2 O-O 9. c4 d6 10. Be2 b6 11. O-O Bb7 12. Qb3 Nbd7 13. h3 a6 14. Rac1 Rac8 15. Rfd1 Qb8 16. Nh2 Bc6 17. Bf3 Qb7 18. Qd3 Rc7 19. Bxc6 Rxc6 20. f4 Rfc8 21. Nhf3 R6c7 22. Kh2 Ng4+ 23. hxg4 Bxb2 24. Rc2 Bg7 25. Rdc1 Qc6 26. g5 Qa4 27. e4 b5 28. Ne1 bxc4 29. Nxc4 Qb5 30. Nxd6 Qxd3 31. Nxd3 Rxc2 32. Nxc8 Rxc1 33. Nxc1 Kf8 34. e5 h6 35. gxh6 Bxh6 36. Nd3 Ke8 37. b5 axb5 38. Na7 f6 39. exf6 exf6 40. Nxb5 Nb6 41. Kg3 Kd7 42. Kf3 Kc6 43. Nc3 Bg7 44. f5 gxf5 45. Kf4 Nc4 46. Kxf5 Ne3+ 47. Kg6 Bf8 48. Nb4+ Bxb4 49. axb4 Nxg2 50. Kxf6 1/2-1/2

[Event "TCh-BIH"]
[Site "Jahorina"]
[Date "2003.06.23"]
[Round "4"]
[White "Popchev, Milko"]
[Black "Fedorov, Alexei"]
[Result "1/2-1/2"]
[WhiteElo "2450"]
[BlackElo "2604"]
[PlyCount "164"]
[EventDate "2003.06.21"]
[Source "Roberto Alvarez"]
[SourceDate "2003.07.07"]

1. d4 Nf6 2. Nf3 g6 3. c3 Bg7 4. Bg5 b6 5. Nbd2 Bb7 6. e3 O-O 7. Bd3 c5 8. O-O d6 9. Re1 Nc6 10. a3 a6 11. e4 h6 12. Bh4 cxd4 13. Nxd4 Qc7 14. Nf1 Ne5 15. Bc2 b5 16. Rb1 Nc4 17. Ne3 e5 18. Bxf6 Bxf6 19. Nf3 Rad8 20. Nd5 Bxd5 21. Qxd5 Nb6 22. Qd2 Kg7 23. Bb3 Be7 24. Qe2 f5 25. exf5 Bf6 26. fxg6 Rfe8 27. Bf7 Re7 28. Nd2 d5 29. Nf1 e4 30. Ng3 Kh8 31. Nf5 Re5 32. Nxh6 Kg7 33. Ng4 Rh5 34. h3 Be7 35. Nf6 Rf5 36. Nh5+ Kh6 37. Ng3 Rg5 38. Qe3 Kg7 39. h4 Nc4 40. Qxg5 Bxg5 41. hxg5 Kf8 42. Red1 e3 43. Rd4 exf2+ 44. Kxf2 Ne5 45. Nh5 Qb8 46. Kg1 Nxf7 47. Rf1 Rd7 48. g7+ Kg8 49. g6 Qb6 50. gxf7+ Rxf7 51. Rxf7 Kxf7 52. g4 Kg8 53. Kg2 Qe6 54. Rf4 Kh7 55. Kf2 d4 56. cxd4 Qb3 57. Rf8 Qxb2+ 58. Kf3 Qxa3+ 59. Ke4 Qe7+ 60. Kf3 Qa3+ 61. Kg2 Qb2+ 62. Kg3 Qc3+ 63. Kh4 Qe1+ 64. Kg5 Qe7+ 65. Kf5 Qd7+ 66. Ke5 Qe7+ 67. Kd5 Qd7+ 68. Kc5 Qc7+ 69. Kb4 Qc4+ 70. Ka5 Qa4+ 71. Kb6 Qxd4+ 72. Kxa6 Qd6+ 73. Ka5 Qa3+ 74. Kb6 Qd6+ 75. Kb7 Qd7+ 76. Kb8 Qd6+ 77. Ka7 Qd7+ 78. Ka6 Qd6+ 79. Ka5 Qd2+ 80. Kb6 Qd6+ 81. Kxb5 Qd5+ 82. Kb6 Qd6+ 1/2-1/2

[Event "CRO-Cup"]
[Site "Pula"]
[Date "1999.05.26"]
[Round "3"]
[White "Dizdarevic, Emir"]
[Black "Horvath, Csaba"]
[Result "1-0"]
[WhiteElo "2528"]
[BlackElo "2524"]
[PlyCount "115"]
[EventDate "1999.05.??"]
[Source "ChessBase"]
[SourceDate "1999.07.10"]

1. Nf3 g6 2. d4 Nf6 3. Nbd2 d5 4. e3 Bg7 5. b4 O-O 6. c4 c6 7. Bb2 a5 8. b5 a4 9. Ba3 Bf5 10. Rc1 Ne4 11. cxd5 cxb5 12. Bxb5 Qa5 13. Be2 b5 14. Bxe7 Re8 15. d6 Nc3 16. Rxc3 Qxc3 17. Bxb5 Bd7 18. Bxd7 Nxd7 19. O-O Qa3 20. Qc2 Rec8 21. Nc4 Qb4 22. Nfd2 Qb5 23. Qe4 Rab8 24. Rb1 Qf5 25. Rxb8 Rxb8 26. Qxf5 gxf5 27. Kf1 f6 28. Ke2 Bf8 29. Bxf8 Kxf8 30. f3 Kf7 31. e4 fxe4 32. fxe4 Nb6 33. Ne3 Ke6 34. Nf5 Nd7 35. Nc4 Nb6 36. Na5 Nc8 37. Nc4 Nb6 38. Nb2 a3 39. Nd3 Na4 40. Kd2 Rb1 41. Kc2 Rb8 42. g4 Rc8+ 43. Kd2 Kd7 44. g5 fxg5 45. d5 Nb6 46. Ne5+ Kd8 47. Nd4 g4 48. Ndc6+ Ke8 49. Ke3 h5 50. Kd4 Ra8 51. Kc5 Na4+ 52. Kb4 Nb6 53. Kb5 Nd7 54. Nxd7 Kxd7 55. e5 h4 56. Kc5 g3 57. e6+ Kc8 58. Kb6 1-0